000
00339nam a2200145Ia 4500
008
150201s2008 xx 000 0 und d
082
_a
617.645
_b
P2008C
100
_a
CAMERON
245
_a
HANDBOOK OF PEDIATRIC DENTISTRY
250
_a
3RD
260
_b
MOSBY
_a
DELHI
_c
2008
300
_a
1-480
650
_a
PEDODONTICS
942
_2
ddc
_c
BK
999
_c
4119
_d
4119